90 trò chơi thi đua trại du khảo và dã ngoại

Sparad:
Bibliografiska uppgifter
Huvudupphovsman: Trần, Phiêu
Materialtyp: Bok
Publicerad: Hà Nội Thanh niên 2006
Ämnen:
Taggar: Lägg till en tagg
Inga taggar, Lägg till första taggen!
Thư viện lưu trữ: Trung tâm Học liệu Lê Vũ Hùng, Trường Đại học Đồng Tháp
LEADER 00755pam a22002658a 4500
001 00037272
005 20171026081025.0
008 170511s2006 ||||||Viesd
041 0 # |a Vie 
082 1 4 |a 796.54  |b CH311M 
100 1 # |a Trần, Phiêu 
245 0 0 |a 90 trò chơi thi đua trại du khảo và dã ngoại  |c Trần Phiêu 
260 # # |a Hà Nội  |c 2006  |b Thanh niên 
300 # # |a 119tr.  |c 21cm. 
653 # # |a trò chơi 
852 # # |b Kho mượn  |j KM.0022992 
852 # # |b Kho đọc  |j KD.1000101, KD.0022214 
852 # # |j KD.0022214  |j KM.0022992 
910 |d 11/05/2017 
980 # # |a Trung tâm Học liệu Lê Vũ Hùng, Trường Đại học Đồng Tháp